NASCAR Multiple Choice- Tracks - Statistics

General Stats
  • This quiz has been taken 450 times
    421 since last reset
  • The average score is 12 of 15
Answer Stats
Question Answer % Correct
Which track has only three corners, but is still 2.5 miles in length? Pocono Raceway
93%
Kansas Speedway is one of the many intermediate tracks on the circuit. How long is it? 1.5 miles
92%
What track hosted the season finale in all three top NASCAR series from 2002-2019? Homestead-Miami Speedway
92%
Which track has NASCAR shared with Indycar since 1994? Indianapolis Motor Speedway
92%
Which track introduced the first ever roval to Cup Series competition in 2018? Charlotte Motor Speedway
88%
Sonoma Raceway is named after the valley in which it lies. What state is it located in? California
87%
Which track used to be known as Lowe's Motor Speedway from 1998-2009? Charlotte Motor Speedway
79%
Which venue is nicknamed "The Track Too Tough to Tame" Darlington Raceway
79%
One of the Crown Jewels of NASCAR, the Coca-Cola 600, is held on the weekend of which national holiday? Memorial Day
78%
What year was inaugural Daytona 500 held? 1959
72%
Which of the following tracks was added to the NASCAR schedule in 2011 and held one date annually until 2021? Kentucky Speedway
72%
Which is the shortest track on the Cup Series schedule? Martinsville Speedway
63%
Kevin Harvick, between 2012-2016, won 6 out of 8 races and four in a row (fall 2013-spring 2015) at which track? Phoenix Raceway
63%
How many laps are run in the Southern 500 each year? 367
57%
The Xfinity Series raced twice and the Truck Series raced once annually until 2020 at which midwest track that the Cup Series has never been to? Iowa Speedway
50%
No matching quizzes found
Score Distribution
Percent of People with Each Score
Percentile by Number Answered
Your Score History
You have not taken this quiz since the last reset